WTF? : 23 properties by 30: A story of what to find?When to find?Where to find?

Bibliographic Details
Format: Book
Published: Petaling Jaya : Penerbit Wawasan Nusa (M) Sdn. Bhd , 2012.
Subjects:

MARC

LEADER 00000cam a2200000 7i4500
001 0000004087
005 20160419.0
020 0 0 |a 978967594106 
090 0 0 |a 333.3   |b WTF 
245 1 4 |a WTF? :   |b 23 properties by 30: A story of what to find?When to find?Where to find?   |c FAizul Ridzuan 
260 0 0 |a Petaling Jaya :   |b Penerbit Wawasan Nusa (M) Sdn. Bhd ,   |c 2012. 
300 |a 176 pages ;   |c 21cm. 
650 0 0 |a Property 
650 0 0 |a Real property 
998 |a JPSM 
999 |a 007911   |b Monograph   |c Open Shelf   |e Default branch